Η έννοια του δημοσίου συμφέροντος στην Ευρωπαϊκή Ένωση : πτυχιακή εργασία
Η διαμόρφωση του ευρωπαϊκού δημόσιου χώρου είναι μία πολύ δύσκολη υπόθεση εξαιτίας δύο βασικών λόγων. Από τη μία πλευρά, κάθε κράτος-μέλος έχει τα ιδιαίτερα πολιτισμικά του χαρακτηριστικά, τα οποία συχνά θέτουν εμπόδια, αλλά από την άλλη πλευρά τα μέσα, που προωθούν το δημόσιο συμφέρον, συνήθως δεν...
Αποθηκεύτηκε σε:
| Κύριος συγγραφέας: | |
|---|---|
| Συγγραφή απο Οργανισμό/Αρχή: | |
| Μορφή: | Thesis Βιβλίο |
| Γλώσσα: | Greek |
| Δημοσίευση: |
2015.
|
| Θέματα: | |
| Διαθέσιμο Online: | http://hdl.handle.net/11610/7699 |
| Ετικέτες: |
Προσθήκη ετικέτας
Δεν υπάρχουν, Καταχωρήστε ετικέτα πρώτοι!
|
MARC
| LEADER | 00000cam a2200000 a 4500 | ||
|---|---|---|---|
| 001 | 1/110049 | ||
| 008 | 160224s2015####gr | ||| |||| ||gre|| | ||
| 040 | |a GR-MyUa |b gre |c GR-MyUa |e AACR2 | ||
| 041 | 0 | |a gre | |
| 082 | 7 | |a 341.2422 |2 (23) | |
| 100 | 1 | |a Τσιδήμη, Αφροδίτη-Μαρία. | |
| 245 | 1 | 2 | |a Η έννοια του δημοσίου συμφέροντος στην Ευρωπαϊκή Ένωση : |b πτυχιακή εργασία / |c [υπό την επίβλεψη του καθηγητή Παναγιώτη Γρηγορίου]. |
| 260 | |c 2015. | ||
| 300 | |a 72 σ. ; |b 29 εκ. | ||
| 500 | |a Πτυχιακή εργασία της Αφροδίτης-Μαρίας Τσιδήμη υπό την επίβλεψη του καθηγητή Ευρωπαϊκής Ολοκλήρωσης και Κατόχου της Ευρωπαϊκής Έδρας Jean Monnet στο Πανεπιστήμιο Αιγαίου-Σχολή Κοινωνικών Επιστημών Παναγιώτη Γρηγορίου. | ||
| 502 | |a Πτυχιακή εργασία – Πανεπιστήμιο Αιγαίου, Λέσβος, 2015. | ||
| 504 | |a Βιβλιογραφία: σ. 67-72. | ||
| 506 | 1 | |a Ηλεκτρονική διάθεση στο πλήρες κείμενο - περιορισμένης πρόσβασης. | |
| 520 | 8 | |a Η διαμόρφωση του ευρωπαϊκού δημόσιου χώρου είναι μία πολύ δύσκολη υπόθεση εξαιτίας δύο βασικών λόγων. Από τη μία πλευρά, κάθε κράτος-μέλος έχει τα ιδιαίτερα πολιτισμικά του χαρακτηριστικά, τα οποία συχνά θέτουν εμπόδια, αλλά από την άλλη πλευρά τα μέσα, που προωθούν το δημόσιο συμφέρον, συνήθως δεν προβάλλουν όλες τις εκφάνσεις του και συχνά δημιουργούν λανθασμένη εντύπωση για την επικρατούσα κατάσταση ως προς αυτό το θέμα στους Ευρωπαίους πολίτες. | |
| 540 | |a Κλειδωμένη η δυνατότητα αντιγραφής (copy) από το ηλεκτρονικό κείμενο. | ||
| 610 | 2 | 0 | |a European Union. |
| 650 | 0 | |a Public interest |z European Union countries. | |
| 700 | 1 | |a Γρηγορίου, Παναγιώτης Γ. |e dgs | |
| 710 | 2 | |a Πανεπιστήμιο Αιγαίου |b Σχολή Κοινωνικών Επιστημών |b Τμήμα Κοινωνιολογίας. | |
| 852 | |a INST |b LESVOS |c DIATR |e 20160224 |h 540 |p 005100057188 |q 005100057188 |t DIE |y 23 | ||
| 856 | |u http://hdl.handle.net/11610/7699 | ||
| 924 | |a Τσιδήμη |b Αφροδίτη-Μαρία |y Λέσβος | ||
| 970 | |a Πατσή |b Ανθίππη |z 24-02-2016 | ||